[Event "Madrid San Viator op 22nd"]
[Site "Madrid"]
[Date "2014.04.27"]
[Round "5"]
[White "Charles Soria, Alberto"]
[Black "Santos Valdivia, Victor Manuel"]
[Result "1/2-1/2"]
[WhiteElo "1646"]
[BlackElo "1512"]
[PlyCount "46"]
[EventDate "2014.03.23"]
[EventType "swiss"]
[EventRounds "9"]
[EventCountry "ESP"]
[SourceTitle "EXT 2015"]
[Source "ChessBase"]
[SourceDate "2014.11.20"]
[SourceVersion "1"]
[SourceVersionDate "2014.11.20"]
[SourceQuality "1"]

1. e4 e5 2. Nf3 Nc6 3. Bb5 a6 4. Ba4 b5 5. Bb3 d6 6. c3 Na5 7. Bc2 Bb7 8. 0-0 Ne7 9. Re1 Qd7 10. d4 f6 11. Nbd2 Ng6 12. Nf1 Bc8 13. h3 Qf7 14. Ng3 h5 15. Nf5 Ne7 16. N3h4 g6 17. Nxe7 Bxe7 18. Nf3 Nc6 19. Bb3 Qf8 20. dxe5 Nxe5 21. Nxe5 fxe5 22. Bd5 Rb8 23. Bc6+ Bd7 1/2-1/2